Speciální psychologie 2. Pedagogicko psychologické kompetence učitele 2 / Jiří V. Musil
Record details
- ISBN: 80-238-9654-7
- Physical Description: 27 s. ; 21 cm
- Edition: Vyd. 1.
- Publisher: Olomouc : Psychologická a výchovná poradna Olomouc : 2002
Content descriptions
| General Note: | Podnázev části: cvičebnice - metodika a rukověť praktik |
| Bibliography, etc. Note: | Obsahuje bibliografii |
Search for related items by subject
| Subject: | učitelé psychologie osobnosti profesní příprava profesní kompetence Teachers > Training of Teachers > Psychology |
| Genre: | učebnice vysokých škol Textbooks |
Available copies
- 1 of 1 copy available at Common Catalog SPOK.
Holds
- 0 current holds with 1 total copy.
Show Only Available Copies
| Location | Call Number / Copy Notes | Barcode | Shelving Location | Status | Due Date |
|---|---|---|---|---|---|
| Jabok Library | Ped-3.9 | 424480044980 | Odborná literatura | Available | - |
| LDR | 01827nam a2200433 a 4500 | ||
|---|---|---|---|
| 001 | 55539 | ||
| 003 | CZ-PrJAB | ||
| 005 | 20021113083023.0 | ||
| 007 | tu | ||
| 008 | 021004s2002 xr e p 000 0 cze | ||
| 015 | . | ‡acnb001181031 | |
| 020 | . | ‡a80-238-9654-7 ‡q(v knize neuvedeno ; ‡qbrož.) ‡z80-238-8932-X | |
| 035 | . | ‡a(CZ PrNK)cpk20021181031 | |
| 035 | . | ‡a(OCoLC)51189906 | |
| 040 | . | ‡aABA001 ‡bcze | |
| 072 | 7. | ‡a37 ‡xVýchova a vzdělávání ‡2Konspekt ‡922 | |
| 080 | . | ‡a377 ‡2MRF | |
| 080 | . | ‡a331.546 ‡2MRF | |
| 080 | . | ‡a37.011.3-051 ‡2MRF | |
| 080 | . | ‡a159.923 ‡2MRF | |
| 080 | . | ‡a(075.8) ‡2MRF | |
| 100 | 1 | . | ‡aMusil, Jiří V., ‡d1941- ‡7jo20010080539 ‡4aut |
| 245 | 1 | 0. | ‡aSpeciální psychologie 2. ‡pPedagogicko psychologické kompetence učitele 2 / ‡cJiří V. Musil |
| 246 | 3 | 0. | ‡aPedagogicko psychologické kompetence učitele 2 |
| 250 | . | ‡aVyd. 1. | |
| 260 | . | ‡aOlomouc : ‡bPsychologická a výchovná poradna Olomouc : ‡bUniverzita Palackého, Cyrilometodějská teologická fakulta, ‡c2002 | |
| 300 | . | ‡a27 s. ; ‡c21 cm | |
| 500 | . | ‡aPodnázev části: cvičebnice - metodika a rukověť praktik | |
| 504 | . | ‡aObsahuje bibliografii | |
| 650 | 0 | 7. | ‡aučitelé ‡7ph126982 ‡2czenas |
| 650 | 0 | 7. | ‡apsychologie osobnosti ‡7ph115951 ‡2czenas |
| 650 | 0 | 7. | ‡aprofesní příprava ‡7ph134694 ‡2czenas |
| 650 | 0 | 7. | ‡aprofesní kompetence ‡7ph136580 ‡2czenas |
| 650 | 0 | 9. | ‡aTeachers ‡xTraining of ‡2eczenas |
| 650 | 0 | 9. | ‡aTeachers ‡xPsychology ‡2eczenas |
| 655 | 7. | ‡aučebnice vysokých škol ‡7fd133772 ‡2czenas | |
| 655 | 9. | ‡aTextbooks ‡2eczenas | |
| 910 | . | ‡aABG312 | |
| 995 | . | ‡aska | |
| 901 | . | ‡a55539 ‡bAUTOGEN ‡c55539 ‡tbiblio | |